Economics of aquaculture / (Record no. 15113)
[ view plain ]
| 000 -LEADER | |
|---|---|
| fixed length control field | 00422pam a2200157 a 4500 |
| 020 ## - INTERNATIONAL STANDARD BOOK NUMBER | |
| ISBN | 1560220198 (alk. paper) |
| 040 ## - CATALOGING SOURCE | |
| Transcribing agency | DLC |
| 082 00 - DEWEY DECIMAL CLASSIFICATION NUMBER | |
| Classification number | 338 FOO 1993 A073 Or. |
| 100 1# - MAIN ENTRY--AUTHOR NAME | |
| Personal name | Jolly, Curtis M. |
| 245 10 - TITLE STATEMENT | |
| Title | Economics of aquaculture / |
| 260 ## - PUBLICATION, DISTRIBUTION, ETC. (IMPRINT) | |
| Place of publication | New York : |
| Name of publisher | Food Products Press, |
| Year of publication | c1993. |
| 300 ## - PHYSICAL DESCRIPTION | |
| Number of Pages | xv, 319 p. : |
| Other physical details | ill. ; |
| Dimensions | 23 cm. |
| 650 #0 - SUBJECT ADDED ENTRY--TOPICAL TERM | |
| Topical Term | Aquaculture industry. |
| 700 1# - ADDED ENTRY--PERSONAL NAME | |
| Personal name | Clonts, Howard A. |
| 942 ## - ADDED ENTRY ELEMENTS (KOHA) | |
| Koha item type | សៀវភៅភាសាអង់គ្លេស |
| 952 ## - LOCATION AND ITEM INFORMATION (KOHA) | |
| Withdrawn status [LOCAL, KOHA] | 0 |
| Permanent Location | Date acquired | Koha item type | Lost status | Shelving location | Barcode | Current Location | Full call number |
|---|---|---|---|---|---|---|---|
| Library Block A | 2017-11-10 | សៀវភៅភាសាអង់គ្លេស | A073 | RUA061232 | Library Block A | 338 FOO 1993 A073 Or. |